| 000 | 00387nam a2200145Ia 4500 | ||
|---|---|---|---|
| 999 |
_c20223 _d20223 |
||
| 082 | _aTP.0045 | ||
| 100 | _aPurankar, D.Y. | ||
| 245 | 0 | _aSocial-psychological study of adolescent hippie element | |
| 260 |
_c1979 _bNagpur University |
||
| 300 | _a252, 96p. + C D - 47 | ||
| 650 | _aHIPPIES - PSYCHOLOGY | ||
| 650 | _aADOLESCENT PSYCHOLOGY | ||
| 710 | _aPande, C.G. | ||
| 942 |
_cTH _2ddc |
||